| 000 | 00844cam a2200205 i 4500 | ||
|---|---|---|---|
| 005 | 20251120115629.0 | ||
| 008 | 250721s2018 ts gr 000 0 ara d | ||
| 082 | 1 | 4 |
_a211 _bح م ي |
| 100 | 1 |
_aحميتو، عبد الهادي بن عبدالله _eمؤلف. |
|
| 245 | 1 | 0 |
_aمن جنايات التصحيف / _cد. عبد الهادي بن عبدالله حميتو ؛ بعناية د. يوسف بن عبدالله حميتو. |
| 250 | _aالطبعة الثانية. | ||
| 264 | 3 | 1 |
_aابوظبي : _bمركز الموطأ للدراسات و التعليم، _c2018. |
| 300 | _a203 صفحة. | ||
| 650 | 1 | 7 | _aالعلوم القرانية. |
| 650 | 1 | 7 | _aرسم المصاحف. |
| 650 | 1 | 7 | _aالفاظ القران. |
| 650 | 1 | 7 | _aترقيم الايات القرانية. |
| 942 |
_2ddc _cBK |
||
| 999 |
_c141945 _d141945 |
||